films par soundtrack de dernières scènes - Statistiques

Statistiques générales
  • Ce quiz a été pris 46 fois
  • Le résultat moyen est 6 sur 20
Statistiques - réponses
Hint Réponse % Correct
Lose Yourself / Eminem 8 Mile (2002)
93%
I Will Always Love You / Whitney Houston Bodyguard (1992)
66%
Where Is My Mind ? / Pixies Fight Club (1999)
59%
I Don't Wanna Miss A Thing / Aerosmith Armageddon (1998)
46%
Now We Are Free / Lisa Gerrard Gladiator (2000)
46%
Paint It, Black / The Rolling Stones Full Metal Jacket (1987) et L'Associé du Diable (1997)
32%
A Real Hero / College & Electric Youth Drive (2011)
27%
Bitter Sweet Symphony / The Verve Sexe Intentions (Cruel Intentions) (1999)
27%
Wake Up / Rage Against The Machine Matrix (1999)
24%
If You Want Blood (You've Got It) / AC/DC Destination Finale 5 (2011)
22%
Sympathy for the Devil /The Rolling Stone - Guns N' Roses) Entretien avec un vampire (1994)
22%
Shape of My Heart / Sting Leon (1994)
22%
Exit Music / Radiohead Romeo+Juliette (1996)
17%
Baby You're a Rich Man / The Beatles The Social Network (2010)
17%
Extreme Ways / Moby La Mémoire dans la Peau (2002)
12%
First Cool Hive / Moby Scream (1996)
10%
The Host of Seraphim / Dead Can Dance The Mist (2007)
10%
Miss Misery / Elliott Smith Will Hunting (1997)
10%
God Moving Over the Face of the Waters / Moby Heat (1995)
5%
Hello Zepp / Charlie Clouser Saw (2004)
5%
Aucun quiz correspondant
Distribution des résultats
% des personnes avec chaque résultat
Percentile par nombre de réponses
Votre historique - résultats
Vous n’avez pas pris ce quiz